Welcome to CU Library Online Public Access Catalogue (OPAC)

Contemporary algebra (Record no. 1496)

MARC details
000 -LEADER
fixed length control field 00605cam a22001931 4500
001 - CONTROL NUMBER
control field 9374606
005 - DATE AND TIME OF LATEST TRANSACTION
control field 20241122192346.0
008 - FIXED-LENGTH DATA ELEMENTS--GENERAL INFORMATION
fixed length control field 891004m19629999nyua 000 0 eng
050 00 - LIBRARY OF CONGRESS CALL NUMBER
Classification number QA152
Item number .S648
100 1# - MAIN ENTRY--PERSONAL NAME
Personal name Smith, Rolland R.
Fuller form of name (Rolland Ryther),
Dates associated with a name 1894-
245 10 - TITLE STATEMENT
Title Contemporary algebra
Statement of responsibility, etc. [by] Rolland R. Smith, Francis G. Lankford, Jr., [and] Joseph N. Payne.
250 ## - EDITION STATEMENT
Edition statement Book 2
260 ## - PUBLICATION, DISTRIBUTION, ETC.
Place of publication, distribution, etc. New York,
Name of publisher, distributor, etc. Harcourt, Brace & World
Date of publication, distribution, etc. [1963-
300 ## - PHYSICAL DESCRIPTION
Extent viii.536p.
Other physical details illus.
Dimensions 25 cm.
650 #0 - SUBJECT ADDED ENTRY--TOPICAL TERM
Topical term or geographic name entry element Algebra.
700 ## - ADDED ENTRY--PERSONAL NAME
Personal name Lankford, Francis G. Jr.
700 ## - ADDED ENTRY--PERSONAL NAME
Personal name Payne, Joseph N.
942 ## - ADDED ENTRY ELEMENTS (KOHA)
Source of classification or shelving scheme Library of Congress Classification
Koha item type Books
Suppress in OPAC No
999 ## -
-- 1496
-- 1496
Holdings
Withdrawn status Lost status Source of classification or shelving scheme Damaged status Not for loan Collection Home library Current library Shelving location Date acquired Total checkouts Full call number Barcode Date last seen Copy number Price effective from Koha item type
    Library of Congress Classification     Non-fiction Science Library (Miotso) Science Library (Miotso) General stacks 11/22/2024   QA152 .S648 SMI SLM00000801 11/22/2024 1 11/22/2024 Books
© 2023-2024 Copyright: Central University Libraries. All Rights Reserved | Created by: Mahone Tech Office